Normal view
MARC view
- Syed Rehan Afzal
Entry Personal Name
001 - CONTROL NUMBER
- control field: 92194
003 - CONTROL NUMBER IDENTIFIER
- control field: NUST
005 - DATE AND TIME OF LATEST TRANSACTION
- control field: 20220702172222.0
008 - FIXED-LENGTH DATA ELEMENTS
- fixed length control field: 220702|| aca||aabn | a|a d
040 ## - CATALOGING SOURCE
- Original cataloging agency: NUST
- Transcribing agency: NUST
100 ## - HEADING--PERSONAL NAME
- Personal name: Syed Rehan Afzal
670 ## - SOURCE DATA FOUND
- Source citation: Work cat.: (NUST)9035: Syed Rehan Afzal, HADES Outlook Spam Filter: An anti-spam software, 2006
